| 000 | 00535nam a2200181Ia 4500 | ||
|---|---|---|---|
| 008 | 100921s9999 xx 000 0 und d | ||
| 082 |
_b13756 _a954 थ 76 |
||
| 100 | _aनारायण जयप्रकाश. | ||
| 245 | _aस्वगत. | ||
| 260 |
_bअभय प्रकाशन, पुणे. _c1976 |
||
| 300 |
_a135 _b--- |
||
| 365 | _b5 | ||
| 520 | _aइतिहास-भारत. | ||
| 630 | _aस्वगत. | ||
| 650 | _aइतिहास-भारत. | ||
| 730 | _aस्वगत. | ||
| 942 | _cBOOK | ||
| 999 |
_c762869 _d762866 |
||